| 000 | 01164cam a22003377a 4500 | ||
|---|---|---|---|
| 003 | CHAP | ||
| 005 | 20220329143012.0 | ||
| 008 | 050615s1997 us r 00010 eng d | ||
| 010 | _a90495 | ||
| 011 | _a91467 | ||
| 020 | _a0865427674 | ||
| 035 | _a102026 | ||
| 040 | _cCHAP | ||
| 082 | 0 | 4 |
_a574.524 _bS9 1995 |
| 111 | 0 | 0 |
_aSymposium of the British Ecological Society ( _n36 : _d1995 : _cLondon) _9110960 |
| 245 | 1 | 0 |
_aMultitrophic interactions in terrestrial systems _c/ed. by A.C. Gange and V.K. Brown |
| 260 |
_aOsney Mead : _bBlackwell Science, _c1997. |
||
| 300 |
_a448 p. ; _bgráfs. |
||
| 590 |
_aBATCH-UPD _b10 _c20130109 _lUCH01 _h2319 |
||
| 590 |
_aBATCH-UPD _b10 _c20130110 _lUCH01 _h0449 |
||
| 590 |
_aBATCH-UPD _b10 _c20130409 _lUCH01 _h1840 |
||
| 590 |
_aBATCH-UPD _b10 _c20130914 _lUCH01 _h0752 |
||
| 590 |
_aCONVERSION _b10 _c20130109 _lUCH01 _h1350 |
||
| 650 | 0 | 4 |
_aInteracción huésped-parásito. _959512 |
| 700 | 0 |
_aBrown, V.K. _915701 |
|
| 700 | 0 |
_aGange. A.C. _945553 |
|
| 901 | _aBK | ||
| 905 | _aAlejandra Carrasco M. | ||
| 942 | _cLIBRO | ||
| 949 |
_a574.524 S9 1995 _bBC _cLIBRO _d33724000957510 _eLIBRO _h105760 _i102026 _kI. 224673 _sb _t$ 1 094.00 |
||
| 999 |
_c90495 _d90495 |
||